Happy Animals! Quiz Stats

 Plays Quiz Updated Oct 9, 2018

Score 0/25 Timer 08:00
5 Plays Today
% Correct
Cat
99.9%
Panda Bear
99.3%
Dog
99.2%
Dolphin
99.1%
Chimpanzee
99.1%
Human
98.9%
Horse
98.9%
Rabbit
98.8%
Zebra
98.8%
Snowy Owl
98.8%
Bull
98.3%
Lion
98.1%
Pig
98%
% Correct
Frog
97.9%
Snake
97.8%
Gorilla
97.5%
Elephant
97.5%
Giraffe
97.4%
Sea lion
96.9%
Hippopotamus
96.5%
Ostrich
96.4%
Puffer Fish
95.6%
Grasshopper
90.2%
Sloth
83.4%
Sheep
76.9%

You're not logged in!

Compare scores with friends on all Sporcle quizzes.
OR
Log In

Show Comments

Extras

Top Quizzes Today


Score Distribution

Your Account Isn't Verified!

In order to create a playlist on Sporcle, you need to verify the email address you used during registration. Go to your Sporcle Settings to finish the process.

Report this User

Report this user for behavior that violates our Community Guidelines.

Details: